Statistics for All From The Vault Song of Taylor Swift

Click here to take the quiz!

General Stats

  • This quiz has been taken 46 times
  • The average score is 21 of 26

Answer Stats

Answer% Correct
I Can See You
97%
Mr. Perfectly Fine
97%
When Emma Falls In Love
97%
Electric Touch
95%
Slut!
95%
Timeless
95%
Foolish One
89%
Castles Crumbling
87%
I Bet You Think About Me
87%
Suburban Legends
87%
Is It Over Now?
84%
Now That We Don't Talk
84%
Say Don't Go
84%
Babe
79%
Better Man
79%
That's When
76%
Message In A Bottle
74%
Run
74%
Forever Winter
71%
The Very First Night
71%
Bye Bye Baby
68%
Don't You
66%
Nothing New
66%
We Were Happy
61%
You All Over Me
61%
All Too Well (10 Minutes Version)
34%

Score Distribution

Percentile by Number Answered

Percent of People with Each Score

Your Score History

You have not taken this quiz